Normal view
MARC view
- JACKSON, M. L
Entry Personal Name
001 - CONTROL NUMBER
- control field: 2964
003 - CONTROL NUMBER IDENTIFIER
- control field: OSt
005 - DATE AND TIME OF LATEST TRANSACTION
- control field: 20180302130146.0
008 - FIXED-LENGTH DATA ELEMENTS
- fixed length control field: 180302|| aca||aabn | a|a d
040 ## - CATALOGING SOURCE
- Original cataloging agency: OSt
- Transcribing agency: OSt
100 ## - HEADING--PERSONAL NAME
- Personal name: JACKSON, M. L
670 ## - SOURCE DATA FOUND
- Source citation: Work cat.: (OSt): JACKSON, M. L, Soil chemical analysis, 1960
